Countries with the Shortest Names - Statistics

General Stats
  • This quiz has been taken 57 times
  • The average score is 9 of 10
Answer Stats
Continent Answer % Correct
South America Peru
98%
Africa Chad
95%
North America (Caribbean) Cuba
95%
Oceania Fiji
91%
Asia Laos
91%
Asia Iran
89%
Africa Togo
89%
Asia Iraq
88%
Asia Oman
88%
Africa Mali
82%
No matching quizzes found
Score Distribution
Percent of People with Each Score
Percentile by Number Answered
Your Score History
You have not taken this quiz